City name puzzle (4) - Statistics

General Stats
  • This quiz has been taken 89 times
  • The average score is 9 of 21
Answer Stats
Hint Explanation Answer % Correct
Saint USA Paul
83%
São Paul Brazil o
68%
Sara Bosnia jevo
61%
Port Benin o Novo
59%
El Egypt Alamein
58%
Puerto de la Spain Cruz
56%
Sar Russia atov
50%
Santa USA Fe
48%
Campo Brazil Grande
48%
Puerto Mexico Vallarta
41%
Sant Spain ander
39%
São Brazil Francisco
39%
A Philippines ngeles
39%
Sa Russia mara
30%
Santo Brazil s
30%
As Kazakhstan tana
30%
Las Afghanistan hkar Gah
20%
Campe Mexico che
18%
San Yemen aa
12%
Los A USA lamos
12%
Pari Brazil ntins
8%
No matching quizzes found
Score Distribution
Percent of People with Each Score
Percentile by Number Answered
Your Score History
You have not taken this quiz